000 00929nam a22002297a 4500
003 OSt
005 20260128094049.0
008 231124b ||||| |||| 00| 0 eng d
040 _cSSBUL
041 _ashan
082 _223
_a398.2
_bတၢင်း
100 _aတၢင်းၵႄး
_cလုင်း
_917305
245 _aဢပုမ်ႇပွတ်းလႄႈၵႂၢမ်းၵပ်းထုၵ်ႇ /
_cလုင်းတၢင်းၵႄး
260 _aတူၼ်ႈတီး၊
_bဝူင်းဝၼ်း၊
300 _a141 ၼႃႈ၊
_c81 ၸိၼ်ႇထီႇ
500 _aပပ်ႉၸဝ်ႈတႃႇၼႁင်းၶေႃ တွၵ်ႉတိူဝ်ႇၸၢႆးဢွင်ႇထုၼ်း မႆးပပ်ႉ - 2370။
500 _a S-SAT: Dr. Prof Sai Aung Tun
650 _aဢပုမ်ႇတႆး
_921391
942 _cBK
942 _2ddc
942 _2ddc
999 _c30307
_d30307